| 000 | 00367nam a22001337a 4500 | ||
|---|---|---|---|
| 020 | _a978-125 8360 740 | ||
| 082 |
_aNR:338.45 _bFIR |
||
| 100 | _aFIRESTONE, Harvey Samuel | ||
| 245 | _aThe romance and drama of the rubber industry | ||
| 260 |
_aUSA _bThe Firestone Tire and Rubber Co. _c1932 |
||
| 300 | _a135p. | ||
| 650 |
_aRubber stoy _aRubber history |
||
| 942 | _cBK | ||
| 999 |
_c75093 _d75093 |
||